Pintura de Thomas J. Somerscales
সংরক্ষণ করুন:
| সংস্থা লেখক: | |
|---|---|
| বিন্যাস: | গ্রন্থ |
| ভাষা: | স্প্যানিশ |
| প্রকাশিত: |
Santiago
Instituto Cultural de las Condes
1978
|
| সংস্করন: | 1a. ed |
| বিষয়গুলি: | |
| ট্যাগগুলো: |
ট্যাগ যুক্ত করুন
কোনো ট্যাগ নেই, প্রথমজন হিসাবে ট্যাগ করুন!
|
MARC
| LEADER | 00000cam a2200000 a 4500 | ||
|---|---|---|---|
| 001 | UCD2198 | ||
| 003 | CL-VaPUC | ||
| 008 | 160414e19780700cl |||||||||||||||||spa|d | ||
| 082 | 0 | 4 | |a 759.983 |b INS |2 21 |
| 110 | 2 | |a Instituto Cultural de las Condes |e author |9 585517 | |
| 245 | 1 | 0 | |a Pintura de Thomas J. Somerscales |
| 250 | |a 1a. ed | ||
| 300 | |a 26 p | ||
| 942 | |c BK | ||
| 945 | |d 20160414 22:20:00 |a arojas | ||
| 260 | |a Santiago |b Instituto Cultural de las Condes |c 1978 | ||
| 600 | 0 | 7 | |a SOMERSCALES, THOMAS |2 CL-VaPUC |9 513551 |
| 650 | 0 | |a Pintura chilena |9 266171 | |
| 650 | 0 | |a Pintores chilenos |9 345328 | |
| 583 | |a last modification |c 20160414 22:20:00 |k Rodrigo Vera | ||
| 999 | |c 363393 |d 363391 | ||
| 952 | |0 0 |1 0 |3 erb |4 0 |6 759_983000000000000_INS_1978 |7 0 |8 R |9 475593 |a BIBART |b BIBART |i 5281865 |o 759.983 INS 1978 |p 5281865 |r 2025-03-13 |w 2019-11-24 |y BK_R |z Catalogado en:20160414 |k ART | ||